01012nam a2200265 i 4500003000900000005001700009006001900026007000300045008004100048040003000089082001400119100004700133245012400180264003900304300004500343336002700388337003400415338002900449490001700478590002700495700003700522942001400559952015600573999001700729DO-SdBNP20231127084156.0a||||gr|||| 00| 0 ta231127b dr a|||| |||| 00| 0 spa d aDO-SdBNPbspacBNPHUerda 4222bN322p1 aNavarro Castellanos, Alfonso973773eautor10aParroquia Comunidad Evangelizadora y el SINE: bsus áreas y etapas. /cAlfonso Navarro Castellanos, Lautico García. aSanto Domingo :bCERVREST,c[190?] a103 páginas :bIlustraciones ;c21 cm. 2rdacontentatextobtxt 2rda mediaasin mediaciónbn 2rdacarrier avolumenbnc aCEVREST ;v2 aInventariado 2023 / MF1 aGarcía, Lautico,923410eautor 2ddccLBS1 00102ddc51708DSaBNPHUbBNPHUcCTd2021-12-16eDonado por Colegio Nuestra Señora de la Lourdesl0oN322pp2023-8019r2023-11-27w2023-11-27yLBS1 c55582d55582